000 00634nam a22001695i 4500
001 155164
003 ES-MaACL
005 20250804063428.0
008 011121s1895 sp |||| | spa d
040 _aEXT
_bspa
_cEXT
100 1 _aHazañas y La Rúa, Joaquín,
_d1862-1934
_962227
245 1 0 _aDiscurso leído por Don Joaquín Hazañas y La Rua
_b: . .. en la solemne inauguración del curso de 1895-96.
260 _aSevilla :
_b[s.n.],
_c1895 (
_fImp. de Francisco de P. Díaz)
300 _a31 p. ;
_c21 cm.
852 _aES-MaACL
_jT-1427-F-14
_z-- Enc. hol.
_z-- Enc. en un vol. facticio
999 _c155164
_d155164